Modern Day Counties and Territories of the danish Empire - Statistics

General Stats
  • This quiz has been taken 7 times
  • The average score is 4 of 10
Answer Stats
Hint Answer % Correct
2,166,000 km² Greenland
100%
103,000 km² Iceland
50%
385,000 km² Norway
50%
346 km² Danish West Indies
33%
9,000 km² Schleswig
33%
100 km² Sweden
33%
120,000 km² United Kingdom
33%
1,400 km² Faroe Islands
17%
50 km² Ghana
17%
1,856 km² India
17%
No matching quizzes found
Score Distribution
Percent of People with Each Score
Percentile by Number Answered
Your Score History
You have not taken this quiz